000 00435nam a2200169Ia 4500
008 100315t2004 xxu||||| |||| 00| 0 sin d
041 _asin
080 _aX8S31
_bAKK
100 _aAkkarawaththa, Sujith
245 _aආදර සිරිත
246 _aAadara Siritha
260 _bBihidora
_aGothatuwa Navanagaraya
_c2004
300 _a226p., 21 cm
942 _cBK
999 _c72181
_d72181
003 LK-CoDNM
040 _aLK-CoDNM
_dLK-CoDNM
_eLK-CoDNM